Vainqueurs d'étapes sur le Giro - 2020s - Statistiques

Statistiques générales
  • Ce quiz a été pris 9 fois
  • Le résultat moyen est 43 sur 80
Statistiques - réponses
Hint Réponse % Correct
Flag_of_Mexico.svg Isaac Del Toro
100%
Drapeau_du_Danemark.png Mads Pedersen
100%
Flag_of_Ecuador.svg Richard Carapaz
100%
Flag_of_the_United_Kingdom_%281-2%29.svg Simon Yates
100%
Flag_of_Belgium_%28civil%29.svg Wout van Aert
100%
Flag_of_Colombia.svg Egan Bernal
86%
Flag_of_Italy.svg Filippo Ganna
86%
Flag_of_Portugal.svg João Almeida
86%
Flag_of_Italy.svg Jonathan Milan
86%
Flag_of_Spain.svg Juan Ayuso
86%
Flag_of_Slovenia.svg Tadej Pogačar
86%
Flag_of_Ireland.svg Ben Healy
71%
Flag_of_Australia.svg Ben O'Connor
71%
Flag_of_Eritrea.svg Biniam Girmay
71%
MaillotEslovenia.PNG f
71%
Flag_of_Ecuador.svg Jhonatan Narváez
71%
Flag_of_the_United_Kingdom_%281-2%29.svg Joshua Tarling
71%
Flag_of_France.svg Julian Alaphilippe
71%
Flag_of_the_Netherlands.svg Mathieu van der Poel
71%
Flag_of_Slovakia.svg Peter Sagan
71%
Flag_of_Slovenia.svg Primož Roglič
71%
Flag_of_Italy.svg Alessandro Covi
57%
Flag_of_Italy.svg Andrea Vendrame
57%
Flag_of_France.svg Arnaud Démare
57%
Flag_of_France.svg Benjamin Thomas
57%
Flag_of_Spain.svg Carlos Verona
57%
Flag_of_the_Netherlands.svg Casper van Uden
57%
Flag_of_Italy.svg Christian Scaroni
57%
Flag_of_the_Netherlands.svg Daan Hoole
57%
Flag_of_Ireland.svg Daniel Martin
57%
Flag_of_Italy.svg Giulio Ciccone
57%
Flag_of_Australia.svg Jai Hindley
57%
Flag_of_the_Czech_Republic.svg Jan Hirt
57%
Flag_of_Australia.svg Kaden Groves
57%
Drapeau_du_Danemark.png Kasper Asgreen
57%
Flag_of_Italy.svg Lorenzo Fortunato
57%
Flag_of_the_United_Kingdom_%281-2%29.svg Mark Cavendish
57%
Flag_of_France.svg Nicolas Prodhomme
57%
Flag_of_the_Netherlands.svg Olav Kooij
57%
Flag_of_Germany.svg Pascal Ackermann
57%
Flag_of_Belgium_%28civil%29.svg Remco Evenepoel
57%
Flag_of_Colombia.svg Santiago Buitrago
57%
Flag_of_the_United_Kingdom_%281-2%29.svg Tao Geoghegan Hart
57%
Flag_of_Belgium_%28civil%29.svg Tim Merlier
57%
Flag_of_France.svg Victor Lafay
57%
Flag_of_Italy.svg Alberto Dainese
43%
Flag_of_the_United_Kingdom_%281-2%29.svg Alex Dowsett
43%
Flag_of_France.svg Aurélien Paret-Peintre
43%
Flag_of_the_United_States_%28DDD-F-416E_specifications%29.svg Brandon McNulty
43%
Flag_of_Australia.svg Caleb Ewan
43%
Flag_of_Italy.svg Damiano Caruso
43%
Flag_of_Italy.svg Diego Ulissi
43%
Flag_of_Switzerland.svg Gino Mäder
43%
Flag_of_Slovenia.svg Jan Tratnik
43%
Flag_of_Ecuador.svg Jonathan Caicedo
43%
Flag_of_Germany.svg Lennard Kämna
43%
Flag_of_Australia.svg Lucas Plapp
43%
Flag_of_Switzerland.svg Mauro Schmid
43%
Flag_of_Australia.svg Michael Matthews
43%
Flag_of_Germany.svg Nico Denz
43%
Flag_of_Spain.svg Pelayo Sánchez
43%
Flag_of_Belgium_%28civil%29.svg Thomas De Gendt
43%
Flag_of_France.svg Valentin Paret-Peintre
43%
Flag_of_Australia.svg Christopher Harper
29%
Flag_of_Italy.svg Davide Bais
29%
Flag_of_Belgium_%28civil%29.svg Dries de Bondt
29%
Flag_of_Colombia.svg Einer Rubio
29%
Flag_of_Italy.svg Filippo Zana
29%
Flag_of_Germany.svg Georg Steinhauser
29%
Flag_of_Italy.svg Giacomo Nizzolo
29%
Flag_of_the_Czech_Republic.svg Josef Černý
29%
Flag_of_the_Netherlands.svg Koen Bouwman
29%
Drapeau_du_Danemark.png Magnus Cort Nielsen
29%
Flag_of_Italy.svg Matteo Sobrero
29%
Flag_of_Portugal.svg Ruben Guerreiro
29%
Flag_of_Italy.svg Stefano Oldani
29%
Flag_of_the_Netherlands.svg Taco van der Hoorn
29%
Flag_of_Belgium_%28civil%29.svg Victor Campenaerts
29%
Flag_of_Italy.svg Alberto Bettiol
14%
Flag_of_the_United_States_%28DDD-F-416E_specifications%29.svg Joe Dombrowski
14%
Aucun quiz correspondant
Distribution des résultats
% des personnes avec chaque résultat
Percentile par nombre de réponses
Votre historique - résultats
Vous n’avez pas pris ce quiz